000 00337nam a2200133Ia 4500
005 20251222155038.0
008 251222s9999||||xx |||||||||||||| ||spa||
082 _aADM. 14
100 _aBALDERAS, M. Luz,
245 0 _aAdministración de los Servicios de Enfermería
250 _a1ra. ed.
264 _bInteramericana
942 _cLIB
999 _c36820
_d36820